[Event "South Normanton 4NCL op-B 23rd"]
[Site "South Normanton"]
[Date "2019.10.06"]
[Round "4"]
[White "Gibbs, Dominic V"]
[Black "Robinson, Brian"]
[Result "0-1"]
[WhiteElo "1930"]
[BlackElo "1545"]
[PlyCount "98"]
[EventDate "2019.10.04"]
[EventType "swiss"]
[EventRounds "5"]
[EventCountry "ENG"]
[SourceTitle "CBM 193 Extra"]
[Source "ChessBase"]
[SourceDate "2020.01.31"]
[SourceVersion "1"]
[SourceVersionDate "2020.01.31"]
[SourceQuality "1"]

1. e4 e6 2. d4 d5 3. e5 c5 4. c3 Nc6 5. Nf3 Qb6 6. a3 Bd7 7. b4 cxd4 8. cxd4 f6 9. exf6 Nxf6 10. Bd3 Bd6 11. 0-0 0-0 12. Bb2 Rae8 13. Nbd2 e5 14. dxe5 Nxe5 15. Bd4 Qd8 16. Bxa7 Nxd3 17. Bd4 Ne5 18. Ng5 Nc6 19. Bxf6 Qxf6 20. f4 Qd4+ 21. Kh1 Bxf4 22. Nxh7 Kxh7 23. Qh5+ Kg8 24. Nf3 Qe4 25. h4 Qf5 26. Ng5 Rf6 27. g4 Rh6 28. gxf5 Rxh5 29. Rxf4 Rf8 30. Re1 Rh6 31. Kh2 Re8 32. Rxe8+ Bxe8 33. Ne6 Bf7 34. Nc5 Nd8 35. Kg3 Rd6 36. Rd4 Kf8 37. a4 Ke7 38. b5 b6 39. Nd3 Rf6 40. Kg4 Kd6 41. a5 bxa5 42. Ra4 Kc7 43. Rxa5 Nb7 44. Ra1 Kb6 45. Rb1 Nd6 46. Ne5 Be8 47. Rd1 Nxf5 48. Kg5 Ne7 49. Ng4 Rf5# 0-1

[Event "Basingstoke Spring Bank op U1825 2nd"]
[Site "Basingstoke"]
[Date "2019.05.27"]
[Round "7.7"]
[White "Seymour, Paul"]
[Black "Robinson, Brian"]
[Result "1/2-1/2"]
[WhiteElo "1643"]
[BlackElo "1555"]
[PlyCount "52"]
[EventDate "2019.05.24"]
[EventType "swiss"]
[EventRounds "7"]
[EventCountry "ENG"]
[SourceTitle "EXT 2023"]
[Source "ChessBase"]
[SourceDate "2022.10.05"]
[SourceVersion "1"]
[SourceVersionDate "2022.10.05"]
[SourceQuality "1"]

1. d4 Nf6 2. Bf4 c6 3. c3 d5 4. e3 e6 5. Bd3 Bd6 6. Bg3 0-0 7. Nf3 Re8 8. Nbd2 b6 9. Qc2 Ba6 10. Bxa6 Nxa6 11. Qa4 Nb8 12. Ne5 Qc7 13. Ndf3 Rc8 14. Ng5 Rf8 15. a3 h6 16. Ngf3 Ne4 17. Nd2 Nxg3 18. hxg3 Bxe5 19. dxe5 Qxe5 20. Nf3 Qd6 21. 0-0-0 b5 22. Qh4 Qd8 23. Qh5 Nd7 24. Rd4 Nf6 25. Qe5 Ne4 26. g4 c5 1/2-1/2

[Event "Stevenage 4NCL Easter op U1825"]
[Site "Stevenage"]
[Date "2019.04.22"]
[Round "7.9"]
[White "Neil, Graham"]
[Black "Robinson, Brian"]
[Result "1/2-1/2"]
[WhiteElo "1540"]
[BlackElo "1569"]
[PlyCount "46"]
[EventDate "2019.04.19"]
[EventType "swiss"]
[EventRounds "7"]
[EventCountry "ENG"]
[SourceTitle "EXT 2023"]
[Source "ChessBase"]
[SourceDate "2022.10.05"]
[SourceVersion "1"]
[SourceVersionDate "2022.10.05"]
[SourceQuality "1"]

1. d4 Nf6 2. Bf4 e6 3. Nf3 c5 4. c3 d5 5. h3 Bd6 6. Bxd6 Qxd6 7. e3 Nc6 8. Nbd2 Bd7 9. Qc2 cxd4 10. exd4 Rc8 11. Qd1 0-0 12. Be2 Rb8 13. 0-0 b5 14. a3 a5 15. Re1 a4 16. Bd3 Na5 17. Qe2 Nc4 18. Reb1 Rfc8 19. Ne5 Be8 20. Ndf3 h6 21. Ne1 Bc6 22. Nc2 Ba8 23. Nb4 Rb6 1/2-1/2

[Event "Telford 4NCL U1825 op"]
[Site "Telford"]
[Date "2018.11.04"]
[Round "8"]
[White "Cordova Lopez, Diego Anton"]
[Black "Robinson, Brian"]
[Result "1/2-1/2"]
[WhiteElo "1447"]
[BlackElo "1557"]
[PlyCount "56"]
[EventDate "2018.10.31"]
[EventType "swiss"]
[EventRounds "9"]
[EventCountry "ENG"]
[SourceTitle "EXT 2021"]
[Source "ChessBase"]
[SourceDate "2020.10.23"]
[SourceVersion "1"]
[SourceVersionDate "2020.10.23"]
[SourceQuality "1"]

1. e4 e6 2. d4 d5 3. Nc3 dxe4 4. Nxe4 Nd7 5. Nf3 Ngf6 6. Nc3 c5 7. dxc5 Bxc5 8. Bb5 0-0 9. 0-0 a6 10. Bd3 b5 11. a3 Bb7 12. Bf4 Re8 13. b4 Bb6 14. Ne5 Nxe5 15. Bxe5 Bc7 16. Bxc7 Qxc7 17. Ne2 Red8 18. Qb1 Qc6 19. f3 Ng4 20. Kh1 Ne3 21. Rf2 Qb6 22. Qe1 Rac8 23. Ng3 Bd5 24. Re2 Nc4 25. Ne4 Ne5 26. Ng5 Ng6 27. Bxg6 hxg6 28. Qh4 Bc4 1/2-1/2

[Event "Telford 4NCL U1825 op"]
[Site "Telford"]
[Date "2018.11.01"]
[Round "2"]
[White "Robinson, Brian"]
[Black "Fisher, Neal"]
[Result "1/2-1/2"]
[WhiteElo "1557"]
[BlackElo "1434"]
[PlyCount "46"]
[EventDate "2018.10.31"]
[EventType "swiss"]
[EventRounds "9"]
[EventCountry "ENG"]
[SourceTitle "CBM 187 Extra"]
[Source "ChessBase"]
[SourceDate "2018.11.04"]
[SourceVersion "1"]
[SourceVersionDate "2018.11.04"]
[SourceQuality "1"]

1. d4 d5 2. Nf3 c6 3. e3 Nf6 4. Nbd2 Qc7 5. Bd3 Bg4 6. 0-0 Nbd7 7. c3 e5 8. e4 exd4 9. cxd4 dxe4 10. Nxe4 Nxe4 11. Bxe4 Bd6 12. h3 Bh5 13. Re1 0-0-0 14. Qa4 Bxf3 15. Bxf3 Kb8 16. Be3 Nb6 17. Qb3 Bf4 18. Bxf4 Qxf4 19. Re7 Rxd4 20. Rxf7 Qe5 21. Rd1 Rxd1+ 22. Qxd1 g6 23. Qe2 Qxe2 1/2-1/2

[Event "Telford 4NCL U1825 op"]
[Site "Telford"]
[Date "2018.11.01"]
[Round "3"]
[White "Szwajkun, Steve"]
[Black "Robinson, Brian"]
[Result "1/2-1/2"]
[WhiteElo "1345"]
[BlackElo "1557"]
[PlyCount "140"]
[EventDate "2018.10.31"]
[EventType "swiss"]
[EventRounds "9"]
[EventCountry "ENG"]
[SourceTitle "CBM 187 Extra"]
[Source "ChessBase"]
[SourceDate "2018.11.04"]
[SourceVersion "1"]
[SourceVersionDate "2018.11.04"]
[SourceQuality "1"]

1. e4 e6 2. Nf3 c5 3. d3 Nc6 4. Nbd2 d5 5. Qe2 Nf6 6. g3 Be7 7. Bg2 0-0 8. b3 b5 9. a3 a5 10. Bb2 Qc7 11. c4 bxc4 12. bxc4 d4 13. 0-0 Rb8 14. Rab1 Ba6 15. Rfe1 Rb6 16. Bc1 Rfb8 17. Rxb6 Rxb6 18. h3 e5 19. Nh4 g6 20. Ndf3 Qb8 21. Bh6 Rb2 22. Nd2 Kh8 23. Bg5 Kg7 24. Qd1 h6 25. Bxf6+ Bxf6 26. Nhf3 Qb6 27. h4 Bc8 28. Qa1 Bd7 29. Rb1 Rxb1+ 30. Nxb1 Qb3 31. Ne1 Bd8 32. Nd2 Qb8 33. Qa2 a4 34. Nef3 Na5 35. Nh2 Nb3 36. Ndf3 Ba5 37. g4 Bc3 38. Qb1 f6 39. Bh3 Qb7 40. Kg2 Na5 41. Qxb7 Nxb7 42. g5 Bxh3+ 43. Kxh3 hxg5 44. hxg5 Bb2 45. gxf6+ Kxf6 46. Ng4+ Kg7 47. Ngxe5 Bxa3 48. Nd2 Bb2 49. f4 a3 50. Nb3 a2 51. Nc6 Kf6 52. Kg4 a1Q 53. Nxa1 Bxa1 54. e5+ Kf7 55. f5 gxf5+ 56. Kxf5 Bc3 57. e6+ Ke8 58. Ke5 Be1 59. Kd5 Bg3 60. Ne5 Bxe5 61. Kxe5 Ke7 62. Kd5 Nd8 63. Kxc5 Nxe6+ 64. Kd5 Kd7 65. c5 Nc7+ 66. Kxd4 Kc6 67. Kc4 Nd5 68. d4 Nc7 69. Kd3 Kd5 70. Ke3 Ne6 1/2-1/2

[Event "Telford 4NCL op-B 19th"]
[Site "Telford"]
[Date "2018.07.14"]
[Round "2"]
[White "Robinson, Brian"]
[Black "Hughes, Peter2222"]
[Result "0-1"]
[WhiteElo "1548"]
[BlackElo "1766"]
[PlyCount "98"]
[EventDate "2018.07.13"]
[EventType "swiss"]
[EventRounds "5"]
[EventCountry "ENG"]
[SourceTitle "EXT 2019"]
[Source "ChessBase"]
[SourceDate "2018.10.10"]
[SourceVersion "1"]
[SourceVersionDate "2018.10.10"]
[SourceQuality "1"]

1. d4 f5 2. Nf3 Nf6 3. e3 g6 4. Be2 Bg7 5. 0-0 0-0 6. c4 d6 7. Nc3 Nc6 8. Rb1 a5 9. a3 Bd7 10. b4 axb4 11. axb4 e6 12. b5 Ne7 13. Bb2 h6 14. Re1 Qe8 15. Bd3 Qf7 16. Qc2 g5 17. e4 g4 18. Nd2 Nh5 19. e5 Nf4 20. Bf1 dxe5 21. dxe5 Neg6 22. Ne2 Nxe2+ 23. Rxe2 Qe7 24. Bc3 Rfd8 25. Ree1 Be8 26. Rbd1 Qg5 27. Bd3 h5 28. Nf1 h4 29. Bd2 Qe7 30. Bc3 Bf7 31. Qb1 Qg5 32. Bd2 Qe7 33. Bb4 Qg5 34. Bd2 f4 35. Bxg6 Bxg6 36. Qb2 Qf5 37. Bc3 Qc2 38. Qxc2 Bxc2 39. Rc1 Bd3 40. Ba1 Kf7 41. Nd2 Kg6 42. Nb3 b6 43. Nd4 Rxa1 44. Rxa1 Rxd4 45. Red1 Bxe5 46. Ra3 Be2 47. Re1 Bxc4 48. Raa1 Kf5 49. Rab1 Rd5 0-1

[Event "Doncaster 4NCL op-B 18th"]
[Site "Doncaster"]
[Date "2018.04.15"]
[Round "4.9"]
[White "Mahoney, Nicholas"]
[Black "Robinson, Brian"]
[Result "1/2-1/2"]
[WhiteElo "1707"]
[BlackElo "1597"]
[PlyCount "30"]
[EventDate "2018.04.13"]
[EventType "swiss"]
[EventRounds "5"]
[EventCountry "ENG"]
[SourceTitle "EXT 2023"]
[Source "ChessBase"]
[SourceDate "2022.10.05"]
[SourceVersion "1"]
[SourceVersionDate "2022.10.05"]
[SourceQuality "1"]

1. e4 e6 2. d4 d5 3. Nd2 dxe4 4. Nxe4 Nd7 5. Nf3 Ngf6 6. Bd3 Nxe4 7. Bxe4 Nf6 8. Bd3 c5 9. 0-0 Be7 10. c3 0-0 11. Bg5 b6 12. Qe2 Bb7 13. Rad1 Qc7 14. Bb1 cxd4 15. Nxd4 Rfe8 1/2-1/2

[Event "Harrogate 4NCL op-B 17th"]
[Site "Harrogate"]
[Date "2018.01.21"]
[Round "4"]
[White "Robinson, Brian"]
[Black "Brooke, John1111"]
[Result "0-1"]
[WhiteElo "1610"]
[BlackElo "1622"]
[PlyCount "116"]
[EventDate "2018.01.19"]
[EventType "swiss"]
[EventRounds "5"]
[EventCountry "ENG"]
[SourceTitle "CBM 182 Extra"]
[Source "ChessBase"]
[SourceDate "2018.02.23"]
[SourceVersion "1"]
[SourceVersionDate "2018.02.23"]
[SourceQuality "1"]

1. d4 e6 2. Nf3 c5 3. e3 Nc6 4. Bd3 b6 5. 0-0 Nf6 6. Nbd2 Bb7 7. c3 Be7 8. Re1 0-0 9. Nf1 d6 10. Ng3 Re8 11. e4 Bf8 12. e5 dxe5 13. dxe5 Nd5 14. Bxh7+ Kh8 15. Ng5 Qxg5 16. Bxg5 Kxh7 17. Qh5+ Kg8 18. Ne4 Nxe5 19. Bd2 Rad8 20. Qxe5 f6 21. Qh5 e5 22. h3 Re7 23. Rad1 Red7 24. Ng3 Ne7 25. Be3 g6 26. Qe2 Bg7 27. Rxd7 Rxd7 28. Rd1 Rxd1+ 29. Qxd1 Bd5 30. Qa4 Bf7 31. Qxa7 f5 32. Bg5 Nd5 33. c4 Nb4 34. a3 Nd3 35. b3 e4 36. Qxb6 Bd4 37. Be3 f4 38. Bxd4 cxd4 39. Nxe4 Nc1 40. Qxd4 Ne2+ 41. Kf1 Nxd4 42. f3 Nxb3 43. c5 Bc4+ 44. Ke1 Kf7 45. Nd6+ Ke6 46. Nxc4 Kd5 47. Nb2 Nxc5 48. Kd2 Kd4 49. a4 g5 50. Kc2 Ke3 51. a5 Kf2 52. Nd3+ Nxd3 53. a6 Nb4+ 54. Kc3 Nxa6 55. Kd4 Kxg2 56. Ke5 Kxh3 57. Kf5 Kg3 58. Kxg5 Kxf3 0-1

[Event "Harrogate 4NCL op-B 17th"]
[Site "Harrogate"]
[Date "2018.01.21"]
[Round "5"]
[White "Robinson, Brian"]
[Black "Ward, Matthew J"]
[Result "1-0"]
[WhiteElo "1610"]
[BlackElo "1810"]
[PlyCount "65"]
[EventDate "2018.01.19"]
[EventType "swiss"]
[EventRounds "5"]
[EventCountry "ENG"]
[SourceTitle "CBM 182 Extra"]
[Source "ChessBase"]
[SourceDate "2018.02.23"]
[SourceVersion "1"]
[SourceVersionDate "2018.02.23"]
[SourceQuality "1"]

1. d4 d5 2. Nc3 Nf6 3. Bg5 Bf5 4. Bxf6 exf6 5. e3 Bb4 6. Bd3 Be6 7. Nge2 Nd7 8. 0-0 0-0 9. e4 dxe4 10. Bxe4 f5 11. Bxb7 Rb8 12. Bf3 Bd6 13. d5 Ne5 14. dxe6 Nxf3+ 15. gxf3 Bxh2+ 16. Kxh2 Qh4+ 17. Kg2 Qg5+ 18. Ng3 fxe6 19. Qc1 f4 20. Re1 Qg6 21. Re4 fxg3 22. Rg4 Qf5 23. Rxg3 Rf7 24. Ne4 Rb5 25. b3 Qh5 26. Qe3 Qe5 27. Rh1 Ra5 28. Rg5 Rf5 29. Rg3 Rxa2 30. Qh6 Rxc2 31. Qxh7+ Kf8 32. Qh8+ Kf7 33. Rh7 1-0

[Event "Coventry 4NCL op-B 16th"]
[Site "Coventry"]
[Date "2017.11.05"]
[Round "5"]
[White "Guha, Chirag"]
[Black "Robinson, Brian"]
[Result "1-0"]
[WhiteElo "1768"]
[BlackElo "1593"]
[PlyCount "65"]
[EventDate "2017.11.03"]
[EventType "swiss"]
[EventRounds "5"]
[EventCountry "ENG"]
[SourceTitle "CBM 181 Extra"]
[Source "ChessBase"]
[SourceDate "2017.12.12"]
[SourceVersion "1"]
[SourceVersionDate "2017.12.12"]
[SourceQuality "1"]

1. d4 d5 2. c4 e6 3. Nf3 Nf6 4. g3 Bb4+ 5. Bd2 Be7 6. Bg2 0-0 7. 0-0 b6 8. Nc3 Bb7 9. Bf4 Bd6 10. Bxd6 Qxd6 11. Qc2 Nbd7 12. cxd5 Nxd5 13. e4 Nxc3 14. bxc3 h6 15. e5 Qe7 16. Ng5 Qxg5 17. Bxb7 Rab8 18. Bc6 Rbd8 19. a4 a5 20. f4 Qe7 21. f5 f6 22. Qb3 Nc5 23. Qa3 fxe5 24. dxc5 exf5 25. cxb6 Qxa3 26. Rxa3 cxb6 27. c4 Rf6 28. Bd5+ Kf8 29. Rb3 g6 30. Rfb1 Rdd6 31. Re3 e4 32. Rf1 Ke7 33. Kf2 1-0

[Event "Coventry 4NCL op-B 16th"]
[Site "Coventry"]
[Date "2017.11.05"]
[Round "4"]
[White "Robinson, Brian"]
[Black "Jacob, Sydney J"]
[Result "1/2-1/2"]
[WhiteElo "1593"]
[BlackElo "1845"]
[PlyCount "69"]
[EventDate "2017.11.03"]
[EventType "swiss"]
[EventRounds "5"]
[EventCountry "ENG"]
[SourceTitle "CBM 181 Extra"]
[Source "ChessBase"]
[SourceDate "2017.12.12"]
[SourceVersion "1"]
[SourceVersionDate "2017.12.12"]
[SourceQuality "1"]

1. d4 d5 2. Nc3 Bf5 3. Nf3 e6 4. Bf4 a6 5. e3 c5 6. Bd3 Bxd3 7. Qxd3 Nc6 8. 0-0 Nf6 9. Rad1 Be7 10. e4 cxd4 11. Nxd4 0-0 12. exd5 Nxd5 13. Nxd5 Qxd5 14. Nxc6 bxc6 15. b3 Rfd8 16. Qe2 Qa5 17. a4 Bf6 18. Rxd8+ Rxd8 19. Rd1 Rxd1+ 20. Qxd1 Qc3 21. h3 Qa1 22. Qxa1 Bxa1 23. Kf1 f6 24. Ke2 e5 25. Bd2 Bd4 26. c3 Bb6 27. b4 Kf7 28. a5 Ba7 29. Be3 Bxe3 30. Kxe3 Ke6 31. c4 Kd6 32. g4 Kc7 33. Ke4 Kd6 34. h4 g6 35. f3 1/2-1/2

[Event "Coventry 4NCL op-B 16th"]
[Site "Coventry"]
[Date "2017.11.03"]
[Round "1"]
[White "David, Ivan"]
[Black "Robinson, Brian"]
[Result "1/2-1/2"]
[WhiteElo "1848"]
[BlackElo "1593"]
[PlyCount "76"]
[EventDate "2017.11.03"]
[EventType "swiss"]
[EventRounds "5"]
[EventCountry "ENG"]
[SourceTitle "CBM 181 Extra"]
[Source "ChessBase"]
[SourceDate "2017.12.12"]
[SourceVersion "1"]
[SourceVersionDate "2017.12.12"]
[SourceQuality "1"]

1. c4 e6 2. g3 Nf6 3. Bg2 d5 4. Nf3 Be7 5. 0-0 0-0 6. d4 c6 7. Qc2 Nbd7 8. b3 b6 9. Bb2 Bb7 10. Nbd2 Rc8 11. Rad1 Rc7 12. Qb1 Qc8 13. a3 c5 14. cxd5 exd5 15. dxc5 bxc5 16. Ne5 Rd8 17. Bh3 Qb8 18. Ndf3 d4 19. Nc4 Be4 20. Qa2 Rb7 21. Nfd2 Bd5 22. Ba1 Ne4 23. Nxe4 Bxe4 24. Nd2 Bd5 25. Rb1 Nf6 26. Bg2 Bxg2 27. Kxg2 Nd5 28. Qc2 Rc8 29. Nc4 Bf6 30. Qd3 Nc3 31. Bxc3 dxc3 32. Qc2 Rd8 33. Rfd1 Rbd7 34. Rxd7 Rxd7 35. Rd1 Qd8 36. Rxd7 Qxd7 37. e3 a5 38. a4 Qd5+ 1/2-1/2

[Event "GBR-ch Soanes op 104th"]
[Site "Llandudno"]
[Date "2017.07.29"]
[Round "3"]
[White "Rush, Steven"]
[Black "Robinson, Brian"]
[Result "1-0"]
[WhiteElo "1690"]
[BlackElo "1581"]
[PlyCount "45"]
[EventDate "2017.07.28"]
[EventType "swiss"]
[EventRounds "5"]
[EventCountry "WLS"]
[SourceTitle "EXT 2019"]
[Source "ChessBase"]
[SourceDate "2018.10.10"]
[SourceVersion "1"]
[SourceVersionDate "2018.10.10"]
[SourceQuality "1"]

1. e4 e6 2. d4 d5 3. e5 c5 4. c3 Nc6 5. Nf3 Bd7 6. Be2 Nge7 7. 0-0 Nf5 8. Be3 Qb6 9. Na3 cxd4 10. cxd4 Qxb2 11. Nb5 Rc8 12. g4 Nxe3 13. fxe3 Nb4 14. Nd6+ Bxd6 15. exd6 Nc2 16. Rb1 Qxa2 17. Ne5 Nxe3 18. Qd3 Nxf1 19. Rxf1 Rf8 20. Nxd7 Kxd7 21. Qb5+ Kxd6 22. Qb4+ Kd7 23. Bb5+ 1-0